000 00312nam a22001457a 4500
003 SGT
082 _a370
_bC05S
100 _aSHARMA, ADITI
245 _aCONTEMPORARY TEACHING OF COMMERCE
250 _a1ST
260 _aNEW DELHI
_bSURJEET PUB
_c2005
300 _a547
650 _aEDUCATION
942 _2ddc
_cBK
999 _c12199
_d12199